| 000 | 02019cam a2200313 i 4500 | ||
|---|---|---|---|
| 003 | SA-RiAUC | ||
| 005 | 20260215134702.0 | ||
| 008 | 260215s1912 su g 00000 ara c | ||
| 040 |
_aSA-RiAUC _bara _cSA-RiAUC _erda |
||
| 043 | _aa-su--- | ||
| 082 | 0 | 4 | _a953.121 |
| 090 |
_aم ن 953.12104 ز و ا _bز و ا |
||
| 100 | 1 |
_aالزواوي، عبد الله محمد صالح، _d1266-1343 هجري _eمؤلف. |
|
| 245 | 1 | 0 |
_aرسالة بغية الراغبين وقرة عين أهل البلد الأمين فيما يتعلق بعين الجوهرة السيدة زبيدة أم الأمين / _cتأليف عبد الله محمد صالح الزواوي. |
| 250 | _aالطبعة الأولى. | ||
| 264 | 1 |
_a[مكان النشر غير محدد] : _b[الناشر غير محدد]، _c1912 |
|
| 264 | 3 |
_aمكة المكرمة : _bالمطبعة الخيرية |
|
| 300 |
_a48 صفحة ؛ _c30 سم |
||
| 336 |
_aنص _btxt _2rdacontent _3كتاب |
||
| 337 |
_aبدون وسيط _bn _2rdamedia |
||
| 338 |
_aمجلد _bnc _2rdacarrier |
||
| 520 | 0 | _aهذه الرسالة تشتمل على ذكر أحوال عين زبيدة التي يستقي منها أهل مكة المكرمة حرسها الله تعالى ومالها من المنافع العمومية للقاطنين بتلك البقاع المقدسة والوافدين عليها من جميع الأقطار مع بيان الاصلاحات والتعميرات المفيدة التي أحدثتها اللجنة المشكلة لذلك تحت رعاية أمير مكة وذكر مباحث إضافية تتعلق بخطط هذا البلد الأمين. | |
| 650 | 7 |
_aالمياه الجوفية _zالسعودية _2aucsh |
|
| 651 | 7 |
_aعين زبيدة (السعودية) _xآثار _2aucsh |
|
| 856 | 4 | _uhttp://10.10.10.21/hipres/7549/book.Web/bookTestPage.html | |
| 856 | 4 | _uhttp://10.0.0.80:1112/Abdulrahman/7549.pdf | |
| 942 |
_2ddc _cRBOOK COPY _n0 |
||
| 949 |
_aSA-JeALM _d260215 _umohamedma123 _n1 |
||
| 999 |
_c14341 _d14341 |
||